1162 1472 1553 1581 1438 1052 1995 1893 1320 1669 1395 1316 1559 1167 1900 1596 1159 1232 1953 1858 1717 1174 1057 1259 1113 1805 1382 1801 1730 1873 1995 1691 1535 1865 1737 1879 1632 1164 1118 1066 1353 1740 1993 1676 1509 1351 1015 1656 1966 1038 1242 1156 1969 1564 1745 1319 1502 1833 1599 1216 1056 1610 1611 1623 1787 1279 1579 1904 1755 1635 1097 1597 1012 1093 1938 1719 1878 1065 1595 1065 1350 1411 1779 1476 1782 1033 1064 1479 1060 1688 1882 1992 1736 1249 1747 1713 1658 1026 1439 BCNSPRNW ULIB Ver.6.0+V

เปลี่ยนเป็นภาษาไทย

Change to English
 แสดงรายละเอียดบรรณานุกรม
  กลับหน้าหลัก

Brief Record : Get Marc (ISO 2709) : E-mail record : QR code < ปิดหน้าต่าง
LEADER : 00000nam 2200000uu 4500
001    13399125720
003     ULIB
008    020711s2012 th a 000 0 eng d
020    9780702044366
060    WB115^bP276Q
100    Parveen Kumar
245    1000 Questions & Answers from Clinical Medicine (2nd) /^c Kumar Parveen J., M.D. (EDT) Clark Michael L., Dr., M.D. (EDT)
250    2nd ed
260    St.Luis :^bSaunders,^c2012
300    313 pages
650    Clinical Medicine
700    Michael Clark
945    ^p0^l0^i25288
รายการนี้ยังไม่มีแท็ก
คุณยังไม่ได้ล็อกอิน คุณสามารถมีกิจกรรมร่วมกับเว็บไซต์ได้ แต่ต้องล็อกอินก่อน ::
  ล็อกอิน

รายการสื่อสารสนเทศ

ลำดับที่ ประเภท เลขเรียก/บาร์โค้ด สถานที่ สถานะ
1. วิทยาศาสตร์การแพทย์ และสุขภาพ
วิทยาศาสตร์การแพทย์ และสุขภาพ
WB115 P276Q ฉ.1 
  Barcode: 25288
ห้องสมุดวิทยาเขตนครสวรรค์
►หนังสือทั่วไป:l:General Books
บนชั้น

รายการใกล้เคียง
    หัวเรื่อง [Clinical Medicine]

BibComment


ยังไม่เคยถูกคอมเมนท์

คอมเมนท์ทรัพยากรรายการนี้
  คอมเมนท์: 1000 Questions A..


 Copyright 2026. Bcnsprnw @Library